00764cam a2200217Ia 4500008004100000020002200041245010300063246003400166260009600200300004500296504004100341650002500382650002000407700002400427710002700451730002100478730002000499003000100519005001700520040000900537  a0521627168 (pbk.)04aThe Tansley review collections.n1,pLeaf development and function /cedited by A.M. Hetherington.30aLeaf development and function aCambridge :bPublished for the New Phytologist Trust by Cambridge University Press,cc1997. a1 v. (various pagings) :bill. ;c30 cm. aIncludes bibliographical references. 0aLeavesxDevelopment. 0aLeavesxGrowth.1 aHetherington, A. M.2 aNew Phytologist Trust.0 aNew phytologist.0 aTansley review.20230123134021.0 cNUST